| 000 | 00756nam a2200241 i 4500 | ||
|---|---|---|---|
| 001 | 68276 | ||
| 003 | ES-MaACL | ||
| 005 | 20250821153347.0 | ||
| 007 | t| | ||
| 008 | 040616s1997 sp ||||0| spa d | ||
| 020 | _a84-210-0629-0 | ||
| 040 |
_aM-BN _bspa _cM-BN |
||
| 080 | _a1 Vives, Juan Luis | ||
| 100 | 1 |
_aGuy, Alain. _961257 |
|
| 245 | 1 | 0 |
_aVives, humanista comprometido / _cAlain Guy ; versión castellana de Dionisia Empaytaz. |
| 260 |
_aBarcelona : _bBalmes, _c1997. |
||
| 300 |
_a190 p ; _c21 cm. |
||
| 600 | 1 | 4 |
_aVives, Juan Luis, _d1492-1540- _xCrítica e interpretación _9115576 |
| 700 | 1 |
_aEmpaytaz de Croome, Dionisia. _9144064 |
|
| 852 |
_aES-MaACL _jL-27963 _bR.133866 |
||
| 999 |
_c68276 _d68276 |
||